| Tag |
First Indicator |
Second Indicator |
Subfields |
| LEADER |
00000cam a2200000 a 4500 |
| 001 |
in00002754708 |
| 005 |
20211120164625.0 |
| 006 |
m d f |
| 007 |
cr bn||||||||| |
| 008 |
120405s1985 txu ob f000 0 eng c |
| 035 |
|
|
|a (OCoLC)ocn783838231
|
| 040 |
|
|
|a GPO
|c GPO
|d GPO
|d MvI
|d UtOrBLW
|
| 042 |
|
|
|a pcc
|
| 049 |
|
|
|a WWW
|
| 074 |
|
|
|a 0830-H-14 (online)
|
| 086 |
0 |
|
|a NAS 1.26:176017
|
| 100 |
1 |
|
|a Gunst, Richard F.,
|d 1947-
|
| 245 |
1 |
0 |
|a Crop area estimation based on remotely-sensed data with an accurate but costly subsample :
|b final report /
|c Richard F. Gunst.
|
| 264 |
|
1 |
|a Dallas, Tex. :
|b Dept. of Statistics, Southern Methodist University ; [Washington, D.C.] :
|b National Aeronautics and Space Administration,
|c [1985?]
|
| 300 |
|
|
|a 1 online resource (ii, 12 pages, 6 unnumbered pages).
|
| 336 |
|
|
|a text
|b txt
|2 rdacontent
|
| 337 |
|
|
|a computer
|b c
|2 rdamedia
|
| 338 |
|
|
|a online resource
|b cr
|2 rdacarrier
|
| 490 |
1 |
|
|a NASA/CR ;
|v 176017
|
| 500 |
|
|
|a Title from title screen (viewed on Apr. 5, 2012).
|
| 504 |
|
|
|a Includes bibliographical references (page 12).
|
| 513 |
|
|
|a Final report
|b 1 January 1984 to 31 August 1985.
|
| 536 |
|
|
|a National Aeronautics and Space Administration cooperative agreement no.
|c NCC 9-9
|
| 500 |
|
|
|a Electronic resource.
|
| 650 |
|
7 |
|a Aerial photography.
|2 nasat
|
| 650 |
|
7 |
|a Biomass.
|2 nasat
|
| 650 |
|
7 |
|a Crop inventories.
|2 nasat
|
| 650 |
|
7 |
|a Error analysis.
|2 nasat
|
| 650 |
|
7 |
|a Estimating.
|2 nasat
|
| 650 |
|
7 |
|a Forests.
|2 nasat
|
| 650 |
|
7 |
|a Ground truth.
|2 nasat
|
| 650 |
|
7 |
|a Least squares method.
|2 nasat
|
| 650 |
|
7 |
|a Remote sensing.
|2 nasat
|
| 650 |
|
7 |
|a Timber inventory.
|2 nasat
|
| 710 |
2 |
|
|a Southern Methodist University.
|b Department of Statistics.
|
| 710 |
1 |
|
|a United States.
|b National Aeronautics and Space Administration.
|
| 776 |
0 |
8 |
|i Print version:
|a Gunst, Richard F., 1947-
|t Crop area estimation based on remotely-sensed data with an accurate but costly subsample.
|w (OCoLC)783839397
|
| 776 |
0 |
8 |
|i Microfiche:
|a Gunst, Richard F., 1947-
|t Crop area estimation based on remotely-sensed data with an accurate but costly subsample.
|w (OCoLC)466356693
|
| 830 |
|
0 |
|a NASA contractor report ;
|v NASA CR-176017.
|
| 856 |
4 |
0 |
|u https://purl.fdlp.gov/GPO/gpo21016
|t 0
|
| 999 |
|
|
|a MARS
|
| 999 |
f |
f |
|s 6e829100-8717-3727-ae82-f4db535fcb79
|i 891183d2-52ed-32ad-b8e1-0400f02e7c45
|t 0
|
| 952 |
f |
f |
|a Texas A&M University
|b College Station
|c Electronic Resources
|d Available Online
|t 0
|e NAS 1.26:176017
|h Superintendent of Documents classification
|
| 998 |
f |
f |
|a NAS 1.26:176017
|t 0
|l Available Online
|